| 000 | 00601nam a2200205 b 4500 | ||
|---|---|---|---|
| 001 | bimo0000529687 | ||
| 003 | OSt | ||
| 005 | 20151007174603.0 | ||
| 008 | 961104s1996 sp | ||| ||spa | ||
| 020 | _a84-226-6104-7 | ||
| 040 | _cBMC | ||
| 082 | _a853 | ||
| 100 | 1 |
_aTamaro, Susanna _932151 |
|
| 245 | 1 | 3 |
_aLa cabeza en las nubes _cSusanna Tamaro; traducción, Atilio Pentimalli Melacrino |
| 260 |
_aBarcelona _bCírculo de Lectores _c1996 |
||
| 300 |
_a150 p. _c21 cm |
||
| 650 | 2 | 4 |
_929384 _aNovela italiana |
| 700 | 1 |
_932160 _aPentimalli Melacrino, Atilio |
|
| 942 |
_2ddc _cBK _hprozim |
||
| 999 |
_c22767 _d22767 |
||